000
00405nam a22001337a 4500
003
SGT
020
_a
97893219294
082
_a
920
_b
H20S
100
_a
सबरहदी, शकील अहमद
245
_a
हरिचंद अख्तर: एक विस्तृत मेधा
260
_b
ग्रीन पेजेज प्रकाशन
_c
2020
300
_a
244
942
_2
ddc
_c
BK
999
_c
32018
_d
32018